Sociology/ (Record no. 9698)

MARC details
000 -LEADER
fixed length control field 00567nam a22001937a 4500
003 - CONTROL NUMBER IDENTIFIER
control field OSt
005 - DATE AND TIME OF LATEST TRANSACTION
control field 20260422062454.0
008 - FIXED-LENGTH DATA ELEMENTS--GENERAL INFORMATION
fixed length control field 260422b |||||||| |||| 00| 0 eng d
020 ## - INTERNATIONAL STANDARD BOOK NUMBER
International Standard Book Number 0-314-62399-x
040 ## - CATALOGING SOURCE
Original cataloging agency DWC-Admin lib
Transcribing agency OC
082 ## - DEWEY DECIMAL CLASSIFICATION NUMBER
Classification number Circ. 301 B853 1988
100 ## - MAIN ENTRY--PERSONAL NAME
Personal name Brinkerhoff, David B.
245 ## - TITLE STATEMENT
Title Sociology/
Statement of responsibility, etc. David B. Brinkerhoff
260 ## - PUBLICATION, DISTRIBUTION, ETC.
Place of publication, distribution, etc. USA :
Name of publisher, distributor, etc. Wet pub., com.,
Date of publication, distribution, etc. c1988.
300 ## - PHYSICAL DESCRIPTION
Extent xxix 652 p. :
Other physical details ill. ;
Dimensions 26 cm.
504 ## - BIBLIOGRAPHY, ETC. NOTE
Bibliography, etc. note includes references and index
700 ## - ADDED ENTRY--PERSONAL NAME
Personal name White, Lyn K.
942 ## - ADDED ENTRY ELEMENTS (KOHA)
Source of classification or shelving scheme Dewey Decimal Classification
Koha item type Book Circulation
Edition 2nd ed.
Classification part Circ.
Suppress in OPAC No
952 ## - LOCATION AND ITEM INFORMATION (KOHA)
--
952 ## - LOCATION AND ITEM INFORMATION (KOHA)
--
952 ## - LOCATION AND ITEM INFORMATION (KOHA)
--
952 ## - LOCATION AND ITEM INFORMATION (KOHA)
--
Holdings
Withdrawn status Lost status Source of classification or shelving scheme Damaged status Not for loan Home library Current library Shelving location Cost, normal purchase price Total Checkouts Full call number Barcode Date last seen Copy number Price effective from Koha item type Uniform Resource Identifier
    Dewey Decimal Classification     College Library College Library Circulation 0.00   Circ. 301 B853 1988 CL30559 04/22/2026 c4 04/22/2026 BK-CIRC
    Dewey Decimal Classification     College Library College Library Circulation 0.00   Circ. 301 B853 1988 CL30558 04/22/2026 c4 04/22/2026 BK-CIRC
    Dewey Decimal Classification     College Library College Library Circulation 0.00   Circ. 301 B853 1988 CL30787 04/22/2026 c4 04/22/2026 BK-CIRC
    Dewey Decimal Classification     College Library College Library Circulation 0.00   Circ. 301 B853 1988 CL30560 04/22/2026 c4 04/22/2026 BK-CIRC